| 000 | 00460nam a2200169 a 4500 | ||
|---|---|---|---|
| 005 | 20240911064322.0 | ||
| 008 | 991125s1980 mx 000 0 spa u | ||
| 035 | _aUPN01000024457 | ||
| 049 | _aCG | ||
| 050 | 4 |
_aQ175 _bS4.3 |
|
| 100 | 1 | _aSerrano Moreno, Jorge Alberto | |
| 245 | 1 | 0 |
_aFilosofía de la ciencia / _cJorge Alberto Serrano Moreno. |
| 260 |
_aMéxico : _bCEE, _c1980. |
||
| 300 | _a285 p. | ||
| 650 | 4 |
_aCiencia _xFilosofía _94696 |
|
| 905 | _aLibro | ||
| 999 |
_c24457 _d24457 |
||